00427nam a2200121Ia 4500008004100000245008500041245001800126260000900144650001200153856004800165999001900213952007300232171211s9999 xx 000 0 und d 4aThe Rupture of Time: Synchronicity and Jung's Critique of Modern Western Culture cRoderick Main c2004 xCULTURE uhttp://down.ebook777.com/062/1138011924.pdf c347846d347846 001040aCLbCLd2017-12-11l0r2017-12-11 00:00:00w2017-12-11yCBE